000 00788nam a22001695i 4500
001 170711
003 ES-MaACL
005 20230906214435.0
008 090331s1859 sp |||| | spa d
080 _a821.134.2-2"18"
100 1 _aGarcía González, Manuel.
_9127208
245 1 0 _aDiana de San Román
_b: drama en tres actos /
_carreglado a la escena española por Manuel García González.
260 _aMadrid :
_b[s.n.],
_c1859 (
_fImp. de José Rodríguez)
300 _a47 p. ;
_c20 cm.
500 _aEn la port.: Estrenada con general aplauso en el teatro de Novedades el 4 de febrero de 1859.
852 _aES-MaACL
_jF-8554(8)
_z.- Enc. pasta española
_q.- Falto de la cub. original
_z- Enc. en vol. facticio formando parte de la col. facticia "Teatro español moderno", v. 6
999 _c170711
_d170711